000
00239nam a2200109Ia 4500
005
20251222154313.0
008
251222s9999||||xx |||||||||||||| ||spa||
082
_a
580/P93
100
_a
"Puig, Ignacio"
245
0
_a
Botánica
942
_c
LIB
999
_c
33490
_d
33490